00654nam a2200181 i 450000100060000000300090000600500170001500700030003200800410003510000410007624500800011726000520019730000210024960000450027085200200031599900170033595201200035229648ES-MaACL20230906154052.0t|030122s1910 ag ||||1| spa d1 aBarrenechea, Mariano Antonio.92591113aUn pensador francés b: Remy de Gourmont / cMariano Antonio Barrenechea. aBuenos Aires : b[s.n.], c1910 (fOtero y Cª) a86 p. ; c19 cm.14aGourmont, Rémy de (d1858-1916)959362 aES-MaACLjD-716 c29648d29648 00104070aATENEOMbATENEOMcSVId2008-01-17eSCl0oD-716p901030610r2023-02-23 00:00:00w2023-02-23yMONOGRAFIA